[Event "Riga Tech op 7th"]
[White "Lostuzzi, Manlio"]
[Black "Sasikiran, Krishnan"]
[Site "Riga"]
[Round "3"]
[Result "0-1"]
[Date "2017.08.08"]
[WhiteElo "2405"]
[BlackElo "2688"]
[PlyCount "66"]
[EventDate "2017.08.07"]
[EventType "swiss"]
[EventRounds "9"]
[EventCountry "LAT"]
[SourceTitle "CBM 179 Extra"]
[Source "ChessBase"]
[SourceDate "2017.08.23"]
[SourceVersion "1"]
[SourceVersionDate "2017.08.23"]
[SourceQuality "1"]

1. d4 Nf6 2. c4 e6 3. g3 c5 4. Nf3 cxd4 5. Nxd4 d5 6. Bg2 e5 7. Nf3 d4 8. 0-0 Nc6 9. e3 Bc5 10. exd4 exd4 11. Nbd2 0-0 12. Nb3 Qb6 13. Nxc5 Qxc5 14. b3 Bg4 15. h3 Bh5 16. Bb2 Rfd8 17. Re1 a5 18. Qd2 a4 19. Rad1 axb3 20. axb3 Ra2 21. Ra1 Rxa1 22. Bxa1 h6 23. Rd1 Ne4 24. Qe1 Bxf3 25. Bxf3 Ng5 26. Bg2 Qf5 27. f4 Nxh3+ 28. Kh2 Nf2 29. Rd2 Ng4+ 30. Kg1 Qc5 31. Be4 d3+ 32. Kg2 Ne3+ 33. Kf3 Nc2 0-1

[Event "ITA-chT"]
[White "Lostuzzi, Manlio"]
[Black "Ranieri, Fabrizio"]
[Site "Arvier"]
[Round "5"]
[Result "1-0"]
[Date "2012.04.30"]
[WhiteElo "2414"]
[BlackElo "2283"]
[PlyCount "61"]
[EventDate "2012.04.27"]
[EventType "team-swiss"]
[EventRounds "7"]
[EventCountry "ITA"]
[SourceTitle "CBM 148 Extra"]
[Source "ChessBase"]
[SourceDate "2012.06.22"]
[SourceVersion "1"]
[SourceVersionDate "2012.06.22"]
[SourceQuality "1"]
[WhiteTeam "Triestina"]
[BlackTeam "Eporediese Ivrea"]
[WhiteTeamCountry "ITA"]
[BlackTeamCountry "ITA"]

1. d4 e6 2. c4 d5 3. Nf3 c6 4. Qc2 Nf6 5. g3 Nbd7 6. Bg2 Be7 7. 0-0 0-0 8. Bg5 b6 9. Nbd2 Bb7 10. e4 dxe4 11. Nxe4 Nxe4 12. Bxe7 Qxe7 13. Qxe4 Nf6 14. Qe3 c5 15. Rad1 cxd4 16. Rxd4 h6 17. Rfd1 Rad8 18. Ne5 Bxg2 19. Kxg2 Rxd4 20. Qxd4 Rc8 21. b3 b5 22. cxb5 Qb7+ 23. Nc6 Nd5 24. Qc5 a6 25. Rxd5 exd5 26. Ne7+ Kh7 27. Nxc8 axb5 28. Nd6 Qa8 29. Qc2+ g6 30. Nxb5 d4+ 31. Kg1 1-0

[Event "ITA-chT 42nd"]
[White "Lostuzzi, Manlio"]
[Black "Georgiev, Kiril"]
[Site "Arvier"]
[Round "1"]
[Result "1/2-1/2"]
[Date "2010.04.29"]
[WhiteElo "2406"]
[BlackElo "2669"]
[PlyCount "190"]
[EventDate "2010.04.29"]
[EventType "team"]
[EventRounds "7"]
[EventCountry "ITA"]
[SourceTitle "CBM 136 Extra"]
[Source "ChessBase"]
[SourceDate "2010.07.02"]
[SourceVersion "2"]
[SourceVersionDate "2010.07.15"]
[SourceQuality "1"]

1. e4 c5 2. Nf3 e6 3. Nc3 a6 4. d4 cxd4 5. Nxd4 b5 6. g3 Bc5 7. Nb3 Be7 8. Bg2 Bb7 9. 0-0 d6 10. Be3 Nd7 11. f4 b4 12. Ne2 Ngf6 13. Qd3 0-0 14. c4 bxc3 15. Nxc3 Ng4 16. Bd2 a5 17. Qf3 Qb6+ 18. Kh1 Ngf6 19. Be3 Qb4 20. Nd2 Bc6 21. Rfc1 Rfc8 22. Qe2 a4 23. Rab1 Bf8 24. h3 Rab8 25. Bg1 Ba8 26. Qe3 Nc5 27. Kh2 Rd8 28. b3 axb3 29. Nxb3 Na4 30. Nd2 Qa5 31. Qa7 Qxa7 32. Bxa7 Rxb1 33. Ncxb1 d5 34. e5 Nd7 35. Nb3 g5 36. Bd4 Bh6 37. fxg5 Bxg5 38. Rc7 Nab6 39. Bf1 Nc4 40. Bxc4 dxc4 41. Rxc4 Bd5 42. Rb4 Nb8 43. Bb6 Rc8 44. N1d2 Nd7 45. Rg4 h6 46. Bd4 Kh7 47. Ne4 Rc2+ 48. Kg1 Kg6 49. Nxg5 hxg5 50. h4 Bf3 51. Rxg5+ Kh7 52. Be3 Rg2+ 53. Kf1 Rxa2 54. Nd2 Bd1 55. Ke1 Bc2 56. Rh5+ Kg7 57. Rg5+ Kf8 58. Bd4 Ra4 59. Bc3 Nb6 60. Ke2 Bf5 61. Nf3 Nd5 62. Bd4 Ra2+ 63. Ke1 Bd3 64. Bc5+ Ke8 65. Rg8+ Kd7 66. Nd4 Ra5 67. Kd2 Bg6 68. Bd6 Nb6 69. Kc3 Ra4 70. Ne2 Nd5+ 71. Kb3 Re4 72. Nf4 Nxf4 73. gxf4 Rxf4 74. Rh8 Rg4 75. Bb4 Be4 76. h5 Bd5+ 77. Ka3 Rg3+ 78. Ka4 Bc6+ 79. Ka5 Rg2 80. Rf8 Rf2 81. Kb6 Be4 82. Bd6 Rf1 83. Kc5 f5 84. exf6 Rf5+ 85. Kd4 Bb1 86. Be7 e5+ 87. Kc5 Rxh5 88. Rd8+ Ke6 89. Rd6+ Kf7 90. Rb6 Bg6 91. Kd6 Rh1 92. Rb8 Rd1+ 93. Kxe5 Re1+ 94. Kd6 Rd1+ 95. Kc5 Ke6 1/2-1/2

[Event "ITA-chT"]
[White "Bentivegna, Francesco"]
[Black "Lostuzzi, Manlio"]
[Site "Palermo"]
[Round "2"]
[Result "1/2-1/2"]
[Date "2007.04.20"]
[WhiteElo "2287"]
[BlackElo "2406"]
[PlyCount "65"]
[EventDate "2007.04.20"]
[EventType "team-tourn"]
[EventRounds "5"]
[EventCountry "ITA"]
[SourceTitle "CBM 117 Extra"]
[Source "ChessBase"]
[SourceDate "2007.05.09"]
[SourceVersion "1"]
[SourceVersionDate "2007.05.09"]
[SourceQuality "1"]

1. e4 e5 2. Nf3 Nc6 3. d4 exd4 4. Nxd4 g6 5. Nc3 Bg7 6. Be3 Nf6 7. f3 0-0 8. Qd2 Re8 9. 0-0-0 d5 10. Nxc6 bxc6 11. exd5 cxd5 12. Bh6 c6 13. Bxg7 Kxg7 14. Na4 Qd6 15. Qd4 Rb8 16. c3 Kg8 17. Bd3 Bd7 18. Rhe1 a5 19. g3 Re7 20. Qc5 Qxc5 21. Nxc5 Kf8 22. Nb3 Ra8 23. Kd2 Be6 24. Re2 Bd7 25. Rde1 Rxe2+ 26. Rxe2 Be6 27. Nc5 Ke7 28. Ke3 Kd6 29. Kd4 Nd7 30. Nb7+ Kc7 31. Nc5 Kd6 32. Nb7+ Kc7 33. Nc5 1/2-1/2

[Event "ITA-chT"]
[White "Lostuzzi, Manlio"]
[Black "Barlocco, Carlo"]
[Site "Palermo"]
[Round "1"]
[Result "1/2-1/2"]
[Date "2007.04.20"]
[WhiteElo "2406"]
[BlackElo "2119"]
[PlyCount "82"]
[EventDate "2007.04.20"]
[EventType "team-tourn"]
[EventRounds "5"]
[EventCountry "ITA"]
[SourceTitle "CBM 117 Extra"]
[Source "ChessBase"]
[SourceDate "2007.05.09"]
[SourceVersion "1"]
[SourceVersionDate "2007.05.09"]
[SourceQuality "1"]

1. e4 e6 2. Nf3 d5 3. Nc3 dxe4 4. Nxe4 Nd7 5. d4 Ngf6 6. Nxf6+ Nxf6 7. Bg5 c5 8. dxc5 Qxd1+ 9. Rxd1 Bxc5 10. Bb5+ Ke7 11. Ne5 h6 12. Bh4 g5 13. Nd3 Bd6 14. Bg3 Ne4 15. Be5 f6 16. Bd4 Bc7 17. 0-0 Rd8 18. Be3 Nd6 19. Ba4 Bd7 20. Bb3 a5 21. a4 b6 22. c3 e5 23. Rfe1 Be6 24. Bxe6 Kxe6 25. f3 Rd7 26. Kf1 Rad8 27. Ke2 Nc4 28. Bg1 h5 29. b3 Nd6 30. c4 Nf5 31. Nb2 Nd4+ 32. Bxd4 Rxd4 33. Rxd4 Rxd4 34. Rd1 Rxd1 35. Nxd1 Bd6 36. g4 hxg4 37. fxg4 e4 38. Nc3 Ke5 39. Nd5 Bc5 40. h3 f5 41. gxf5 Kxf5 1/2-1/2

[Event "ITA-chT 38th"]
[White "Garcia Palermo, Carlos H"]
[Black "Lostuzzi, Manlio"]
[Site "Porto San Giorgio"]
[Round "5.2"]
[Result "1-0"]
[Date "2006.04.23"]
[WhiteElo "2462"]
[BlackElo "2406"]
[PlyCount "83"]
[EventDate "2006.04.21"]
[EventType "team-swiss"]
[EventRounds "5"]
[EventCountry "ITA"]
[SourceTitle "EXT 2022"]
[Source "ChessBase"]
[SourceDate "2021.10.06"]
[SourceVersion "1"]
[SourceVersionDate "2021.10.06"]
[SourceQuality "1"]
[WhiteTeam "Penne Adsv"]
[BlackTeam "Triestina"]
[WhiteTeamCountry "ITA"]
[BlackTeamCountry "ITA"]

1. d4 Nf6 2. c4 c5 3. d5 b5 4. cxb5 a6 5. bxa6 Bxa6 6. Nc3 g6 7. e4 Bxf1 8. Kxf1 d6 9. Nge2 Bg7 10. h3 0-0 11. Kg1 Nbd7 12. Kh2 e6 13. Bf4 exd5 14. exd5 Nb6 15. Qd3 Na4 16. Qd2 Re8 17. Rhe1 Ne4 18. Nxe4 Rxe4 19. Rab1 Qf6 20. b3 Nb6 21. f3 Ree8 22. a4 Qf5 23. Ng3 Qxd5 24. Qxd5 Nxd5 25. Bxd6 Rec8 26. Rbc1 Nc3 27. Ne4 Nxe4 28. Rxe4 Bf8 29. Bxf8 Kxf8 30. Rec4 Rcb8 31. R1c3 Ra5 32. Kg3 Ke7 33. Kf4 Kd6 34. Kg5 f5 35. Kh6 Rb7 36. h4 Kd5 37. Rd3+ Ke5 38. Re3+ Kd5 39. Rd3+ Ke5 40. g4 fxg4 41. Re4+ Kf6 42. fxg4 1-0

[Event "Pula op 15th"]
[White "Lostuzzi, Manlio"]
[Black "Bukal, Vladimir Sr"]
[Site "Pula"]
[Round "9"]
[Result "0-1"]
[Date "2001.05.26"]
[WhiteElo "2398"]
[BlackElo "2439"]
[PlyCount "74"]
[EventDate "2001.05.18"]
[EventType "swiss"]
[EventRounds "9"]
[EventCountry "CRO"]
[SourceTitle "CBM 082 Extra"]
[Source "ChessBase"]
[SourceDate "2001.07.03"]
[SourceVersion "1"]
[SourceVersionDate "2001.07.03"]
[SourceQuality "1"]

1. d4 d5 2. Bg5 h6 3. Bh4 c5 4. dxc5 Nc6 5. Nf3 g5 6. Bg3 Bg7 7. c3 e5 8. Nfd2 Qe7 9. e4 Be6 10. b4 Rd8 11. Qc2 h5 12. f3 Nh6 13. Na3 a5 14. Bb5 0-0 15. Bxc6 bxc6 16. Rb1 f5 17. 0-0 g4 18. exd5 cxd5 19. Nb5 axb4 20. cxb4 f4 21. Bf2 g3 22. hxg3 fxg3 23. Bxg3 Qg5 24. Bh2 Bf5 25. Qd1 Bxb1 26. Nxb1 Nf5 27. Rf2 Qh4 28. Qb3 Bh6 29. Re2 Bf4 30. Bxf4 Qxf4 31. Nd2 Ng3 32. Kf2 Nxe2 33. Kxe2 Kh8 34. Nd6 Qd4 35. Qe3 Qxe3+ 36. Kxe3 Rde8 37. c6 Rf6 0-1

[Event "Pula op 15th"]
[White "Jelica, Mara"]
[Black "Lostuzzi, Manlio"]
[Site "Pula"]
[Round "2"]
[Result "0-1"]
[Date "2001.05.19"]
[WhiteElo "2193"]
[BlackElo "2398"]
[PlyCount "70"]
[EventDate "2001.05.18"]
[EventType "swiss"]
[EventRounds "9"]
[EventCountry "CRO"]
[SourceTitle "CBM 082 Extra"]
[Source "ChessBase"]
[SourceDate "2001.07.03"]
[SourceVersion "1"]
[SourceVersionDate "2001.07.03"]
[SourceQuality "1"]

1. e4 e5 2. Nf3 Nc6 3. Bb5 Bc5 4. 0-0 Qf6 5. c3 Nge7 6. d3 h6 7. Be3 Bb6 8. Bxb6 axb6 9. Nbd2 0-0 10. Bxc6 bxc6 11. Nc4 d6 12. Ne3 Ng6 13. h3 Nf4 14. Kh2 Be6 15. a3 Rad8 16. Ng1 d5 17. g3 dxe4 18. gxf4 exf4 19. Ng4 Qg5 20. d4 h5 21. Ne5 f3 22. Ngxf3 Qf4+ 23. Kg1 Bxh3 24. Re1 Rd6 25. Kh1 Bg4 26. Re3 exf3 27. Qg1 Re6 28. Qh2 Qf5 29. Qg3 f6 30. Nxg4 hxg4 31. Rxe6 Qxe6 32. Qxc7 f5 33. Qf4 Rf6 34. Kg1 Rh6 35. c4 Qg6 0-1

[Event "Pula op 15th"]
[White "Lostuzzi, Manlio"]
[Black "Dotlic, Zdravko"]
[Site "Pula"]
[Round "1"]
[Result "1-0"]
[Date "2001.05.18"]
[WhiteElo "2398"]
[BlackElo "2052"]
[PlyCount "84"]
[EventDate "2001.05.18"]
[EventType "swiss"]
[EventRounds "9"]
[EventCountry "CRO"]
[SourceTitle "EXT 2008"]
[Source "ChessBase"]
[SourceDate "2007.11.25"]
[SourceVersion "1"]
[SourceVersionDate "2007.11.25"]
[SourceQuality "1"]

1. e4 c6 2. d4 d5 3. e5 Bf5 4. Nc3 e6 5. g4 Bg6 6. Nge2 Bb4 7. h4 Be4 8. Rh3 h6 9. a3 Bxc3+ 10. Nxc3 Bh7 11. h5 Nd7 12. f4 Ne7 13. Bd3 Bxd3 14. Qxd3 Qc7 15. Be3 0-0-0 16. 0-0-0 Rdf8 17. f5 a6 18. Ne2 c5 19. fxe6 fxe6 20. Nf4 Qc6 21. Rf3 c4 22. Qe2 Qb6 23. Bd2 Re8 24. Bc3 Rhf8 25. Bb4 Rg8 26. Bd6 Nc6 27. Qf2 Nf8 28. Nxd5 exd5 29. Bxf8 Qd8 30. Bd6 Qg5+ 31. Re3 Ne7 32. Bxe7 Qxe7 33. Qf5+ Kc7 34. e6 Rd8 35. Qe5+ Rd6 36. Rf1 Kc6 37. Rf7 Qg5 38. Qxg5 hxg5 39. e7 Re8 40. Rxg7 Rf6 41. Rg6 Rxg6 42. hxg6 Kd7 1-0

[Event "Budapest WFG IM-A"]
[White "Lostuzzi, Manlio"]
[Black "Gross, Stefan"]
[Site "Budapest"]
[Round "7"]
[Result "0-1"]
[Date "2000.07.25"]
[WhiteElo "2422"]
[BlackElo "2357"]
[PlyCount "66"]
[EventDate "2000.07.??"]
[EventType "tourn"]
[EventRounds "11"]
[EventCountry "HUN"]
[EventCategory "5"]
[SourceTitle "EXT 2002"]
[Source "ChessBase"]
[SourceDate "2001.11.25"]
[SourceVersion "1"]
[SourceVersionDate "2001.11.25"]
[SourceQuality "1"]

1. e4 c5 2. Nf3 e6 3. Nc3 a6 4. d4 cxd4 5. Nxd4 Qc7 6. g3 Bb4 7. Nde2 Be7 8. Bg2 Nf6 9. 0-0 Nc6 10. h3 d6 11. g4 b5 12. g5 Nd7 13. Ng3 b4 14. Nce2 g6 15. a3 Rb8 16. f4 h6 17. gxh6 f5 18. axb4 Rxb4 19. Bd2 Rb8 20. Bc3 Rxh6 21. Re1 Nc5 22. Nd4 Nxd4 23. Qxd4 e5 24. fxe5 Ne6 25. Qd2 f4 26. Nf5 gxf5 27. exf5 Qb6+ 28. Kf1 Bd7 29. fxe6 Bb5+ 30. Re2 dxe5 31. Bxe5 Rxe6 32. c4 Bxc4 33. Bd5 Rd8 0-1

[Event "Budapest WFG IM-A"]
[White "Michalek, Jan"]
[Black "Lostuzzi, Manlio"]
[Site "Budapest"]
[Round "6"]
[Result "1/2-1/2"]
[Date "2000.07.24"]
[WhiteElo "2323"]
[BlackElo "2422"]
[PlyCount "45"]
[EventDate "2000.07.??"]
[EventType "tourn"]
[EventRounds "11"]
[EventCountry "HUN"]
[EventCategory "5"]
[SourceTitle "EXT 2002"]
[Source "ChessBase"]
[SourceDate "2001.11.25"]
[SourceVersion "1"]
[SourceVersionDate "2001.11.25"]
[SourceQuality "1"]

1. e4 e5 2. Nf3 d6 3. d4 Nd7 4. Bc4 c6 5. 0-0 Be7 6. dxe5 dxe5 7. Ng5 Bxg5 8. Qh5 Qe7 9. Bxg5 Ngf6 10. Qe2 h6 11. Bh4 0-0 12. c3 g5 13. Bg3 Nc5 14. Nd2 b5 15. Bb3 Nxb3 16. axb3 Nd7 17. Rfc1 a5 18. b4 a4 19. Nf1 Nb6 20. Ne3 f6 21. Rd1 Be6 22. Qh5 Kg7 23. Qe2 1/2-1/2

[Event "Budapest WFG IM-A"]
[White "Kende, Gyorgy"]
[Black "Lostuzzi, Manlio"]
[Site "Budapest"]
[Round "4"]
[Result "1-0"]
[Date "2000.07.22"]
[WhiteElo "2236"]
[BlackElo "2422"]
[PlyCount "45"]
[EventDate "2000.07.??"]
[EventType "tourn"]
[EventRounds "11"]
[EventCountry "HUN"]
[EventCategory "5"]
[SourceTitle "EXT 2002"]
[Source "ChessBase"]
[SourceDate "2001.11.25"]
[SourceVersion "1"]
[SourceVersionDate "2001.11.25"]
[SourceQuality "1"]

1. e4 e5 2. Bc4 Nf6 3. d4 exd4 4. Nf3 Nxe4 5. Qxd4 Nf6 6. Bg5 Be7 7. Nc3 c6 8. 0-0-0 d5 9. Qh4 Nbd7 10. Bd3 Nc5 11. Rhe1 Be6 12. Nd4 Qd7 13. f4 Kf8 14. f5 Nxd3+ 15. Rxd3 Bxf5 16. Rxe7 Kxe7 17. Rf3 Be6 18. Bxf6+ gxf6 19. Qxf6+ Kd6 20. Nf5+ Kc7 21. Qe5+ Kb6 22. Na4+ Ka5 23. Qc3+ 1-0

[Event "Montecatini Terme op"]
[White "Lostuzzi, Manlio"]
[Black "Abramovic, Bosko"]
[Site "Montecatini Terme"]
[Round "5"]
[Result "1/2-1/2"]
[Date "1997.08.05"]
[WhiteElo "2340"]
[BlackElo "2500"]
[PlyCount "64"]
[EventDate "1997.11.??"]
[EventType "swiss"]
[EventRounds "9"]
[EventCountry "ITA"]
[SourceTitle "EXT 1999"]
[Source "ChessBase"]
[SourceDate "1998.11.16"]
[SourceVersion "1"]
[SourceVersionDate "1998.11.16"]
[SourceQuality "1"]

1. e4 c5 2. Nf3 e6 3. Nc3 a6 4. d4 cxd4 5. Nxd4 Nc6 6. g3 d6 7. Bg2 Bd7 8. 0-0 Nf6 9. a4 Be7 10. Nb3 b6 11. f4 Rc8 12. g4 h6 13. Be3 e5 14. f5 Nb4 15. Rf2 Qc7 16. h3 Bc6 17. Rd2 Nh7 18. Qe2 0-0 19. Nd1 b5 20. axb5 Bxb5 21. Qf2 Bg5 22. Nc3 Bc4 23. Na5 Bxe3 24. Qxe3 Ba2 25. Nxa2 Qxa5 26. c3 Nxa2 27. Kh2 Qa4 28. b4 Rxc3 29. Raxa2 Qxb4 30. Qa7 Nf6 31. Qxa6 d5 32. exd5 Qc5 1/2-1/2

[Event "Imperia op 38th"]
[White "Beil, Zdenek"]
[Black "Lostuzzi, Manlio"]
[Site "Imperia"]
[Round "8"]
[Result "1/2-1/2"]
[Date "1996.??.??"]
[WhiteElo "2325"]
[BlackElo "2325"]
[PlyCount "84"]
[EventDate "1996.??.??"]
[EventType "swiss"]
[EventRounds "9"]
[EventCountry "ITA"]
[SourceTitle "EXT 1999"]
[Source "ChessBase"]
[SourceDate "1998.11.16"]
[SourceVersion "1"]
[SourceVersionDate "1998.11.16"]
[SourceQuality "1"]

1. d4 Nf6 2. c4 c5 3. d5 b5 4. cxb5 a6 5. b6 e6 6. Nc3 Nxd5 7. Nxd5 exd5 8. Qxd5 Nc6 9. e4 Be7 10. Bc4 0-0 11. Ne2 Rb8 12. 0-0 Rxb6 13. Be3 d6 14. Qd2 Be6 15. Rac1 Rb4 16. b3 Ne5 17. Bxe6 fxe6 18. Nf4 Qd7 19. Nd3 Rxe4 20. Nxe5 Rxe5 21. Rxc5 Rxc5 22. Bxc5 Rc8 23. Bd4 d5 24. g3 Bf6 25. Re1 Bxd4 26. Qxd4 Rc2 27. a3 h6 28. Kg2 Kf7 29. Re3 Qd6 30. Qd3 Rc8 31. Qh7 Rf8 32. Rf3+ Ke8 33. Qg6+ Kd8 34. Rxf8+ Qxf8 35. Qxe6 Qxa3 36. Qxd5+ Ke7 37. f4 Qb2+ 38. Kh3 Qe2 39. g4 Qf1+ 40. Kg3 Qe1+ 41. Kg2 Qe2+ 42. Kg3 Qe1+ 1/2-1/2

[Event "Imperia op 38th"]
[White "Lostuzzi, Manlio"]
[Black "Arlandi, Ennio"]
[Site "Imperia"]
[Round "6"]
[Result "0-1"]
[Date "1996.??.??"]
[WhiteElo "2325"]
[BlackElo "2445"]
[PlyCount "90"]
[EventDate "1996.??.??"]
[EventType "swiss"]
[EventRounds "9"]
[EventCountry "ITA"]
[SourceTitle "EXT 1999"]
[Source "ChessBase"]
[SourceDate "1998.11.16"]
[SourceVersion "1"]
[SourceVersionDate "1998.11.16"]
[SourceQuality "1"]

1. e4 c6 2. c4 d5 3. cxd5 cxd5 4. exd5 Nf6 5. Nc3 Nxd5 6. Nf3 e6 7. d4 Be7 8. Bd3 Nc6 9. 0-0 0-0 10. Re1 Bf6 11. Be4 Nce7 12. Qb3 b6 13. Nxd5 Nxd5 14. Ne5 Bb7 15. Qh3 g6 16. Bh6 Bg7 17. Rad1 Rc8 18. Rd3 f5 19. Bxd5 Bxd5 20. Bxg7 Kxg7 21. Rc3 Qg5 22. Nf3 Rxc3 23. bxc3 Qf4 24. Qg3 Qxg3 25. hxg3 Rc8 26. Rc1 Bxf3 27. gxf3 Rc4 28. Kf1 b5 29. Ke2 Ra4 30. Rc2 Kf6 31. f4 Ke7 32. Kd1 Kd6 33. Kc1 Kd5 34. Re2 b4 35. cxb4 Kxd4 36. Kd1 Kc3 37. Rxe6 Rxa2 38. Ke1 Kxb4 39. Re7 a5 40. Rxh7 a4 41. Rg7 Rb2 42. Kd1 a3 43. Kc1 Kb3 44. Rxg6 Rc2+ 45. Kd1 Rxf2 0-1

[Event "Imperia op 38th"]
[White "Lostuzzi, Manlio"]
[Black "Vujovic, Milorad"]
[Site "Imperia"]
[Round "4"]
[Result "1-0"]
[Date "1996.??.??"]
[WhiteElo "2325"]
[BlackElo "2310"]
[PlyCount "81"]
[EventDate "1996.??.??"]
[EventType "swiss"]
[EventRounds "9"]
[EventCountry "ITA"]
[SourceTitle "EXT 1999"]
[Source "ChessBase"]
[SourceDate "1998.11.16"]
[SourceVersion "1"]
[SourceVersionDate "1998.11.16"]
[SourceQuality "1"]

1. e4 c5 2. Nf3 d6 3. c3 Nf6 4. Be2 Nc6 5. d4 cxd4 6. cxd4 Nxe4 7. d5 Qa5+ 8. Nc3 Nxc3 9. bxc3 Ne5 10. Nxe5 Qxc3+ 11. Bd2 Qxe5 12. 0-0 Bd7 13. Rb1 b6 14. Re1 Qd4 15. Rb4 Qc5 16. Qb3 Qc7 17. Ba6 f6 18. Rc4 Qd8 19. Rec1 Kf7 20. Rc7 g6 21. Qa3 Rb8 22. Rxa7 Ra8 23. Bb7 Rb8 24. Bc6 Bf5 25. Qb4 h5 26. a4 g5 27. Re1 Kg6 28. h4 g4 29. Be3 Rh7 30. Ra6 Qc8 31. Rxb6 Rxb6 32. Qxb6 Bh6 33. Bxh6 Kxh6 34. a5 e5 35. dxe6 Bxe6 36. a6 Bd7 37. Bb7 Qc3 38. Qe3+ Qxe3 39. Rxe3 Bf5 40. Rb3 Bc2 41. Rb2 1-0

[Event "ITA-chT"]
[White "Lostuzzi, Manlio"]
[Black "Malloni, Marcello"]
[Site "Italy"]
[Round "?"]
[Result "0-1"]
[Date "1995.??.??"]
[WhiteElo "2325"]
[BlackElo "2195"]
[PlyCount "122"]
[EventDate "1995.??.??"]
[EventType "team-tourn"]
[EventRounds "7"]
[EventCountry "ITA"]
[SourceTitle "EXT 2000"]
[Source "ChessBase"]
[SourceDate "1999.11.16"]
[SourceVersion "1"]
[SourceVersionDate "1999.11.16"]
[SourceQuality "1"]

1. c4 Nf6 2. Nc3 c5 3. e4 Nc6 4. g4 h6 5. h3 e6 6. Bg2 d5 7. exd5 exd5 8. Nxd5 Be6 9. Nf4 Bxc4 10. Qa4 Bd5 11. Nxd5 Nxd5 12. Qe4+ Qe7 13. Qxe7+ Ndxe7 14. b3 0-0-0 15. Bb2 Nd4 16. Bxd4 cxd4 17. Ne2 g6 18. Rc1+ Kb8 19. Nf4 Bg7 20. Nd3 Rhe8 21. Kd1 Nc8 22. Re1 Rxe1+ 23. Kxe1 Bf8 24. Kd1 Nb6 25. Ne5 Ba3 26. Rb1 a5 27. Kc2 g5 28. Kd3 Nd7 29. Nxf7 Rf8 30. Bd5 Rxf7 31. Bxf7 Ne5+ 32. Kxd4 Nxf7 33. Re1 Kc7 34. Re6 Kd7 35. Kd5 Bd6 36. d4 Bc7 37. Re2 Bd6 38. Ke4 Bb4 39. Kf5 Bc3 40. Kg6 Nd6 41. d5 Nb5 42. Kxh6 Bf6 43. f4 gxf4 44. g5 Bd4 45. g6 f3 46. Re1 f2 47. Rf1 Nd6 48. h4 Ke7 49. h5 Kf8 50. Kh7 Ne4 51. Rxf2+ Nxf2 52. h6 Ng4 53. g7+ Ke7 54. Kg6 Nxh6 55. d6+ Kxd6 56. Kxh6 Bxg7+ 57. Kxg7 Kc5 58. Kf6 Kb4 59. Ke5 Ka3 60. Kd4 b5 61. Kc5 b4 0-1

[Event "ITA-chT A2 Est"]
[White "Lostuzzi, Manlio"]
[Black "Rogulj, Branko"]
[Site "Italy"]
[Round "1.1"]
[Result "1/2-1/2"]
[Date "1994.02.27"]
[WhiteElo "2325"]
[BlackElo "2405"]
[PlyCount "82"]
[EventDate "1994.02.27"]
[EventType "team-tourn"]
[EventRounds "5"]
[EventCountry "ITA"]
[SourceTitle "EXT 2022"]
[Source "ChessBase"]
[SourceDate "2021.10.06"]
[SourceVersion "1"]
[SourceVersionDate "2021.10.06"]
[SourceQuality "1"]
[WhiteTeam "Trieste"]
[BlackTeam "Monfalcone DFL"]
[WhiteTeamCountry "ITA"]
[BlackTeamCountry "ITA"]

1. c4 c5 2. Nc3 Nc6 3. g3 g6 4. Bg2 Bg7 5. a3 a6 6. Rb1 Rb8 7. Qa4 Nd4 8. b4 b5 9. cxb5 Nxb5 10. Nxb5 Rxb5 11. Qc2 cxb4 12. Rxb4 Rxb4 13. axb4 Nf6 14. Bb2 0-0 15. Nh3 d6 16. Nf4 e5 17. Nd5 Nxd5 18. Bxd5 Bh3 19. Qc6 Qc8 20. Bc3 Qf5 21. Be4 Bg2 22. f3 Qh3 23. Rg1 Qxh2 24. Qb6 Bh3 25. Qf2 Qxf2+ 26. Kxf2 Be6 27. Bd3 d5 28. Bxa6 d4 29. Bb2 Rb8 30. b5 Bf8 31. e3 Bc4 32. exd4 Bxb5 33. Bxb5 Rxb5 34. Bc3 exd4 35. Bxd4 Bc5 36. Bxc5 Rxc5 37. g4 Kg7 38. Ke3 Kf6 39. Rh1 h5 40. gxh5 gxh5 41. d4 Ra5 1/2-1/2

[Event "ITA-chT"]
[White "Belotti, Bruno"]
[Black "Lostuzzi, Manlio"]
[Site "Italy"]
[Round "2"]
[Result "1-0"]
[Date "1993.??.??"]
[WhiteElo "2410"]
[BlackElo "2335"]
[PlyCount "123"]
[EventDate "1993.??.??"]
[EventType "team-tourn"]
[EventRounds "9"]
[EventCountry "ITA"]
[SourceTitle "EXT 2024"]
[Source "ChessBase"]
[SourceDate "2023.10.10"]
[SourceVersion "1"]
[SourceVersionDate "2023.10.10"]
[SourceQuality "1"]

1. d4 Nf6 2. c4 c5 3. d5 b5 4. cxb5 a6 5. b6 Qxb6 6. Nc3 g6 7. Nf3 Bg7 8. e4 d6 9. Nd2 0-0 10. Nc4 Qc7 11. Be2 Nbd7 12. Bf4 Nb6 13. Ne3 Bd7 14. 0-0 Rfd8 15. Qc2 Qb7 16. Rfd1 Rab8 17. Rab1 Na8 18. b3 Nc7 19. e5 Nfe8 20. exd6 exd6 21. Ne4 Bb5 22. Bf3 a5 23. a4 Ba6 24. Nxc5 dxc5 25. d6 Qa7 26. dxc7 Nxc7 27. Nd5 Ne6 28. Bxb8 Rxb8 29. Qe4 Bb7 30. Qc4 Nd4 31. Ne7+ Kf8 32. Bxb7 Qxb7 33. Nd5 Qc6 34. Re1 Rd8 35. Nf4 Kg8 36. Nd3 Bf8 37. Rbc1 Rc8 38. Ne5 Qf6 39. Nd7 Qf5 40. Nxf8 Kxf8 41. Red1 Rd8 42. Re1 Rd5 43. Rc3 Kg7 44. h3 h5 45. Rce3 Qg5 46. Qc3 Qd8 47. Re5 Qf6 48. f4 Rxe5 49. fxe5 Qb6 50. Kh2 Kh7 51. Qc4 Kg7 52. Re3 Qc6 53. Qc3 Qb6 54. Kh1 Kg8 55. Qd3 Qe6 56. Qc4 Qc6 57. Re1 h4 58. Kh2 Kg7 59. e6 fxe6 60. Re5 Kf6 61. Qxc5 Qb7 62. Qxd4 1-0

[Event "ITA-chT"]
[White "Lostuzzi, Manlio"]
[Black "Rogulj, Branko"]
[Site "Italy"]
[Round "3"]
[Result "1/2-1/2"]
[Date "1993.??.??"]
[WhiteElo "2335"]
[BlackElo "2415"]
[PlyCount "87"]
[EventDate "1993.??.??"]
[EventType "team-tourn"]
[EventRounds "9"]
[EventCountry "ITA"]
[SourceTitle "EXT 1999"]
[Source "ChessBase"]
[SourceDate "1998.11.16"]
[SourceVersion "1"]
[SourceVersionDate "1998.11.16"]
[SourceQuality "1"]

1. e4 Nc6 2. d4 e5 3. dxe5 Nxe5 4. Nf3 Qf6 5. Nxe5 Qxe5 6. Bd3 Nf6 7. 0-0 Bc5 8. Nd2 d5 9. Nf3 Qh5 10. exd5 0-0 11. c4 c6 12. Bg5 Bg4 13. Bxf6 gxf6 14. h3 Bxf3 15. Qxf3 Qxf3 16. gxf3 cxd5 17. cxd5 Rad8 18. Bc4 f5 19. Kg2 Rd6 20. Rh1 Bd4 21. Rab1 Rc8 22. Rhc1 Be5 23. Bb3 Re8 24. Re1 Kf8 25. Re2 Rg6+ 26. Kf1 Bh2 27. Rxe8+ Kxe8 28. Ke2 Rh6 29. Bc2 Rxh3 30. Rh1 Rh6 31. Bxf5 Ke7 32. Kd3 Kd6 33. Be4 Ke5 34. Kc4 Kd6 35. b3 Rh4 36. Kd3 Ke5 37. Ke2 f5 38. Bd3 Rh6 39. Bc4 Bf4 40. Rxh6 Bxh6 41. Kf1 Bg5 42. Kg2 h5 43. Kh3 Be7 44. Bd3 1/2-1/2